Cricket Knowledge Quiz 1 - Statistics

General Stats
  • This quiz has been taken 44 times
  • The average score is 8 of 14
Answer Stats
Question Answer % Correct
Johnny hits the ball so it goes over the boundary and doesn't bounce. How much runs did Johnny score? 6
98%
Johnny sees the board and it says it's 8.3 overs into the match. How much balls have taken place then? 51
90%
Johnny misses the ball and it hits his thigh pad. What must have happened so that Johnny gets out? His pad is infront of the wicket
90%
Johnny is in Cricket Theory 101. He is asked: What are the things put on stumps to help note slight hits of the stumps? Bails
83%
Johnny is doing a meet-and-greet with famous Australian cricketers. He wants to meet the captain. Who does Johnny look for? Pat Cummins
83%
Johnny is reading biographies of famous cricket players. Which Pakistani ex-cricket player was also the Prime Minister for a 4-year term? Imran Khan
76%
Johnny gets his new cricket uniform. As tradition for centuries, what colour is most likely to be Johnny's new uniform? White
76%
Johnny walks onto the pitch and sees it's very long. What's the closest estimate for the length of a cricket pitch? 20m
59%
Johnny is hosting a cricket party where he makes 2 teams including himself. If he invites 5 friends from his cricket training and 12 friends from his school. How much more friends does Johnny need to invite to make 2 teams for his party? 4
54%
Johnny notices there's umpires on the field. How much umpires are usually required for accurate calls during a match? 2
51%
Johnny didn't hit the ball when it was bowled to him, yet the ball hit the boundary behind him by solely rolling. How much runs does Johnny get? 4
37%
Johnny holds the cricket ball in his hands. What's the average diameter of a cricket ball (Men's professional) 9 in
24%
Johnny is going pro in cricket. How old does Johnny have to be to join the ICC? 15
17%
Johnny is in an ICC match and their is 10.5 overs left. How much overs have taken place? 49.1
10%
No matching quizzes found
Score Distribution
Percent of People with Each Score
Percentile by Number Answered
Your Score History
You have not taken this quiz